Представление документа в формате MARC21

ПолеНазваниеЗначение
  Тип записи a
  Библиографический уровень m
001 Контрольный номер RU\infra-m\znanium\bibl\2256954
005 Дата корректировки 20260429142407.6
008 Кодируемые данные 260428s2026 RU g rus u
020 Индекс ISBN __
a ISBN 978-5-16-009091-7
020 Индекс ISBN __
a ISBN 978-5-16-100429-6 (электр. издание)
040 Источник каталогиз. __
a Служба первич. каталог. Общество с ограниченной ответственностью «ЗНАНИУМ»
041 Код языка издания __
a Код языка текста rus
044 Код страны публикации __
a Код страны публикации RU
080 Индекс УДК __
a Индекс УДК 69.059.7(075.32)
084 Индекс другой классификации/Индекс ББК __
2 Источник индекса rubbk
a Индекс другой классификации/Индекс ББК 38.7-09я723
084 Индекс другой классификации/Индекс ББК __
2 Источник индекса okso
a Индекс другой классификации/Индекс ББК 08.02.01
084 Индекс другой классификации/Индекс ББК __
2 Источник индекса okso
a Индекс другой классификации/Индекс ББК 08.02.02
084 Индекс другой классификации/Индекс ББК __
2 Источник индекса okso
a Индекс другой классификации/Индекс ББК 08.02.04
084 Индекс другой классификации/Индекс ББК __
2 Источник индекса okso
a Индекс другой классификации/Индекс ББК 08.02.08
084 Индекс другой классификации/Индекс ББК __
2 Источник индекса okso
a Индекс другой классификации/Индекс ББК 08.02.09
084 Индекс другой классификации/Индекс ББК __
2 Источник индекса okso
a Индекс другой классификации/Индекс ББК 08.02.13
084 Индекс другой классификации/Индекс ББК __
2 Источник индекса okso
a Индекс другой классификации/Индекс ББК 08.02.14
100 Автор __
a Автор Федоров В.В.
q Полное имя Федоров Виктор Владимирович
u Дополнение Тверской государственный технический университет
245 Заглавие __
a Заглавие Реконструкция и реставрация зданий
b Продолж. заглавия Учебник
c Ответственность Тверской государственный технический университет
250 Сведения об издании __
a Основные сведения об издании 1
260 Выходные данные __
a Место издания Москва
b Издательство ООО "Научно-издательский центр ИНФРА-М"
c Дата издания 2026
300 Физическое описание __
a Объем 208 с.
440 Серия __
a Серия Среднее профессиональное образование
520 Аннотация __
a Аннотация Рассмотрены основы реконструкции и реставрации зданий различного назначения. Приводятся сведения по определению технического состояния зданий и сооружений. Анализируются критерии технико-экономической целесообразности переустройства объектов городской застройки. Содержатся рекомендации по принципам выбора проектных решений реконструкции зданий в зависимости от различных факторов. Для студентов строительных и архитектурных специальностей колледжей а также для работников предприятий городского хозяйства и строительства органов государственного и муниципального управления занимающихся вопросами жилищно-коммунального хозяйства.
521 Примеч. о цел. назн. __
a Примеч. о целев. назн. Среднее профессиональное образование
650 Тематические рубрики __
a Основная рубрика Строительство
x Основная подрубрика Содержание и обслуживание зданий и сооружений
655 Указ. предметных рубрик (устаревшее) __
a Жанр/ форма (устаревшее) Учебник
856 Электронный адрес документа 4_
a Имя сервера/домена znanium.ru
m Помощь ebs_support@infra-m.ru
n Местонахождение сервера НИЦ ИНФРА-М
u URL https://znanium.ru/catalog/document?id=482458
856 Электронный адрес документа 48
a Имя сервера/домена znanium.ru
d Путь /cover/2256
f Электронное имя 2256954.jpg
u URL https://znanium.ru/cover/2256/2256954.jpg
911 __
u 0030=https://znanium.ru/catalog/document?id=482458